| 000 | 00612nam a2200205 a 4500 | ||
|---|---|---|---|
| 001 | 000019069 | ||
| 005 | 20200929165920.0 | ||
| 008 | 100525s1956 ch r 000 p spa d | ||
| 040 |
_aDO-SdBNP _bspa _cBNPHU |
||
| 082 |
_aU861.44 _bI12o |
||
| 100 | 1 |
_aIbarbourou, Juana de, _d1892-1979 _941026 |
|
| 245 | 1 | 0 |
_aOro y tormenta : _bsonetos / _cJuana de Ibarbourou. |
| 260 |
_aSantiago, Chile : _bZig-Zag, _c1956. |
||
| 300 |
_a87 p. ; _c21 cm. |
||
| 490 | 1 | _aColección Poesías | |
| 650 | 4 |
_aPoesía uruguaya _93846 |
|
| 650 | 4 |
_aLiteratura uruguaya _93054 |
|
| 830 | 0 |
_aColección Poesías _941027 |
|
| 049 | _aBNGR | ||
| 999 |
_c18587 _d18587 |
||